<?xml version="1.0" encoding="UTF-8"?><?xml-stylesheet type="text/xsl" href="static/style.xsl"?><OAI-PMH xmlns="http://www.openarchives.org/OAI/2.0/" xmlns:xsi="http://www.w3.org/2001/XMLSchema-instance" xsi:schemaLocation="http://www.openarchives.org/OAI/2.0/ http://www.openarchives.org/OAI/2.0/OAI-PMH.xsd"><responseDate>2026-04-27T21:55:11Z</responseDate><request verb="GetRecord" identifier="oai:uvadoc.uva.es:10324/43579" metadataPrefix="marc">https://uvadoc.uva.es/oai/request</request><GetRecord><record><header><identifier>oai:uvadoc.uva.es:10324/43579</identifier><datestamp>2021-06-30T03:52:41Z</datestamp><setSpec>com_10324_38</setSpec><setSpec>col_10324_852</setSpec></header><metadata><record xmlns="http://www.loc.gov/MARC21/slim" xmlns:doc="http://www.lyncode.com/xoai" xmlns:xsi="http://www.w3.org/2001/XMLSchema-instance" xmlns:dcterms="http://purl.org/dc/terms/" xsi:schemaLocation="http://www.loc.gov/MARC21/slim http://www.loc.gov/standards/marcxml/schema/MARC21slim.xsd">
<leader>00925njm 22002777a 4500</leader>
<datafield tag="042" ind1=" " ind2=" ">
<subfield code="a">dc</subfield>
</datafield>
<datafield tag="720" ind1=" " ind2=" ">
<subfield code="a">Herrera Capdepont, Jorge</subfield>
<subfield code="e">author</subfield>
</datafield>
<datafield tag="260" ind1=" " ind2=" ">
<subfield code="c">2020</subfield>
</datafield>
<datafield tag="520" ind1=" " ind2=" ">
<subfield code="a">Este Trabajo de Fin de Grado plantea un modelo de negocio desconocido en la&#xd;
provincia de Valladolid y en gran parte de Castilla y León. Se trata de un semillero&#xd;
hortícola situado en Laguna de Duero, Valladolid.&#xd;
Los productos que se ofertan se basan en aquellos más cultivados en&#xd;
Valladolid y Castilla y León, los más destacados son: tomates, pimientos, cebollas,&#xd;
coles, puerros y lechugas.&#xd;
La estrategia de marketing fundamental para la empresa será el trato al cliente,&#xd;
lo que se produzca será en base a sus peticiones intentando estrechar lazos para&#xd;
fidelizar los clientes que acudan.&#xd;
En cuanto al Plan Económico y Financiero, la inversión inicial no será muy&#xd;
elevada y supondrá una financiación ajena de aproximadamente el 70%. El esfuerzo&#xd;
económico se realizará al principio y la empresa se ira recomponiendo internamente&#xd;
gracias a las ventas que se hagan.</subfield>
</datafield>
<datafield tag="024" ind2=" " ind1="8">
<subfield code="a">http://uvadoc.uva.es/handle/10324/43579</subfield>
</datafield>
<datafield ind1=" " ind2=" " tag="653">
<subfield code="a">Hortalizas-Gestión-Valladolid (España)</subfield>
</datafield>
<datafield ind1=" " ind2=" " tag="653">
<subfield code="a">Hortalizas-Semillas-Laguna de Duero (Valladolid)</subfield>
</datafield>
<datafield tag="245" ind1="0" ind2="0">
<subfield code="a">Estudio de viabilidad de un semillero hortícola: “Semilleros del Duero”</subfield>
</datafield>
</record></metadata></record></GetRecord></OAI-PMH>